|
|
|
|
| LEADER |
01059nam a2200361 4500 |
| 001 |
DLU060055778 |
| 005 |
##20011025162517.0 |
| 008 |
##940502s1993 si 000 0 eng d |
| 010 |
# |
# |
|a 94152484
|
| 020 |
# |
# |
|a 9810211430
|
| 020 |
# |
# |
|a 981021149X (pbk.)
|
| 035 |
# |
# |
|9 (DLC) 94152484
|
| 035 |
# |
# |
|a (OCoLC)29993298
|
| 040 |
# |
# |
|a AU
|c AU
|d DLC
|
| 042 |
# |
# |
|a lccopycat
|
| 082 |
# |
# |
|a 530.143
|b ST-F
|
| 100 |
# |
# |
|a Strocchi, F.
|
| 245 |
# |
# |
|a Selected topics on the general properties of quantum field theory :
|b lecture notes /
|c by F. Strocchi.
|
| 260 |
# |
# |
|a Singapore ;
|a River Edge, NJ :
|b World Scientific,
|c c1993.
|
| 300 |
# |
# |
|a xii, 173 p. ;
|c 22 cm.
|
| 650 |
# |
# |
|a Quantum field theory.
|
| 740 |
# |
# |
|a General properties of quantum field theory.
|
| 830 |
# |
# |
|a World Scientific lecture notes in physics ;
|v v. 51.
|
| 923 |
# |
# |
|a 26/2006
|
| 992 |
# |
# |
|a 7400
|
| 994 |
# |
# |
|a DLU
|
| 900 |
# |
# |
|a True
|
| 911 |
# |
# |
|a Thái Thị Thanh Thủy
|
| 925 |
# |
# |
|a G
|
| 926 |
# |
# |
|a A
|
| 927 |
# |
# |
|a SH
|
| 980 |
# |
# |
|a Thư viện Trường Đại học Đà Lạt
|